000
00307nam a2200109 4500
999
_c
13588
_d
13588
008
190328b ||||| |||| 00| 0 eng d
245
_a
The Phl economy by year's close.
260
_a
Philippines
_b
The Philippine Star
_c
c2018
300
_a
page B5.
650
0
_9
37896
_a
Economic conditions.
942
_2
ddc
_c
PER